000 00329nam a2200121Ia 4500
008 220217s9999||||xx |||||||||||||| ||und||
082 _a005.133 MCG
100 _aMcgreth, Mill
_92015
245 0 _aCGI and perl in easy steps
260 _aDream tech press
_bNew Delhi
_c2001
300 _b79
650 _aPROGRAMMING LANGUAGE
999 _c167930
_d167930